England V, W, X, Y & Z - Statistics

General Stats
  • This quiz has been taken 26 times
  • The average score is 9 of 15
Answer Stats
Hint Answer % Correct
First word in places named Sussex, Yorkshire, West
95%
Historic city in the north with a Minster York
95%
Coronation Street star Roache, Playwright Shakespeare William
81%
County that contains Stonehenge Wiltshire
76%
Furry TV characters that live on Wimbledon Common Wombles
76%
Shortened version of the name Alexander like Armstrong the English comedian and presenter Xander
76%
Radio pesenter Jimmy and singer Will Young
71%
Ashby De La _____ , town in Leicestershire Zouch
71%
Area of South London with a Thames bridge names after it Vauxhall
67%
A Birmingham football club West Bromwich Albion
67%
Metropolitan county formed in 1974 from parts of Staffordshire & Warwickshire West Midlands
48%
The first clinical use of this medical procedure was performed in Birmingham in 1896 X-Ray
43%
Town in Somerset near to the border of Dorset Yeovil
38%
Town in Cornwall beginning with Z Zennor
19%
Beauty spot in Worcestershire Vale Of Evesham
5%
No matching quizzes found
Score Distribution
Percent of People with Each Score
Percentile by Number Answered
Your Score History
You have not taken this quiz